| 000 | 00392nam a22001577a 4500 | ||
|---|---|---|---|
| 003 | NUST - PNEC | ||
| 005 | 20170116180840.0 | ||
| 008 | 150819b xxu||||| |||| 00| 0 eng d | ||
| 022 | _20719543363 | ||
| 040 | _cLIBRARY | ||
| 082 | _a530 DUN | ||
| 245 |
_aPhysics : a textbook for Advanced Level students _cTom Duncan |
||
| 250 | _a2nd ed | ||
| 650 |
_95323 _aPhysics _xME |
||
| 942 |
_2ddc _cBK |
||
| 999 |
_c64381 _d64381 |
||